| Tag |
First Indicator |
Second Indicator |
Subfields |
| LEADER |
00000cam a2200000 4500 |
| 001 |
in00000034868 |
| 005 |
20151007063428.0 |
| 008 |
740723s1946 mau 00010 eng u |
| 010 |
|
|
|a 46007480
|
| 035 |
|
|
|a (OCoLC)00959642
|
| 035 |
|
|
|9 AAD7382AM
|
| 040 |
|
|
|c CPL
|d TXA
|d UtOrBLW
|
| 049 |
|
|
|a TXAM
|c [181282]
|
| 050 |
|
0 |
|a TR335
|b .H3 1946
|
| 082 |
0 |
|
|a 770.2836
|
| 092 |
|
|
|a 770.2836
|b H225h
|
| 100 |
1 |
|
|a Hammond, Arthur,
|d 1882-
|
| 245 |
1 |
0 |
|a How to tone prints /
|c by Arthur Hammond.
|
| 264 |
|
1 |
|a Boston :
|b American photographic publishing co.,
|c 1946.
|
| 300 |
|
|
|a iv, 76 pages ;
|c 20 cm.
|
| 336 |
|
|
|a text
|b txt
|2 rdacontent
|
| 337 |
|
|
|a unmediated
|b n
|2 rdamedia
|
| 338 |
|
|
|a volume
|b nc
|2 rdacarrier
|
| 650 |
|
0 |
|a Photography
|x Printing processes
|x Toning.
|
| 999 |
|
|
|a MARS
|
| 999 |
f |
f |
|s 93583f8a-fef2-3da4-8858-8229ea7d75b0
|i 4e43ca39-9f91-3045-a0cf-12e41fb0faa5
|t 0
|
| 952 |
f |
f |
|p ric
|a Texas A&M University
|b Rellis Campus
|c Joint Library Facility
|d Remote Storage
|t 0
|e TR335 .H3 1946
|h Library of Congress classification
|i unmediated -- volume
|m A14801160711
|
| 998 |
f |
f |
|a TR335 .H3 1946
|t 0
|l Remote Storage
|